Music Quiz

Random Music or Song Quiz
Score 0/159 Timer 06:00
3 Plays Today
Album Song % Correct
MusicWhat It Feels Like for a Girl
96.4%
Like a PrayerLike a Prayer
93.8%
Confessions on a Dance FloorLike It or Not
93.3%
Bedtime StoriesI'd Rather Be Your Lover
93.2%
Like a VirginLike a Virgin
92.7%
True BlueLove Makes the World Go Round
92.1%
Like a VirginLove Don't Live Here Anymore
91.4%
Ray of LightThe Power of Good-Bye
90.4%
Ray of LightTo Have and Not to Hold
90.1%
Rebel HeartLiving for Love
90.1%
MDNAGive Me All Your Luvin'
89.7%
True BlueWhere's the Party
89%
Ray of LightDrowned World/Substitute for Love
88.6%
Like a PrayerKeep It Together
87.9%
Ray of LightNothing Really Matters
87.8%
American LifeDie Another Day
87.8%
American LifeMother and Father
87.7%
Rebel HeartWash All Over Me
87.7%
Bedtime StoriesForbidden Love
87.4%
Confessions on a Dance FloorForbidden Love
87.4%
Ray of LightCandy Perfume Girl
87.2%
Like a PrayerOh Father
86.4%
Confessions on a Dance FloorGet Together
86.3%
Bedtime StoriesLove Tried to Welcome Me
86.3%
American LifeLove Profusion
86.1%
Confessions on a Dance FloorFuture Lovers
86.1%
MusicRunaway Lover
85.5%
Confessions on a Dance FloorI Love New York
85%
Madame XKillers Who Are Partying
84.9%
Like a PrayerLove Song
84.9%
MDNALove Spent
84.5%
True BlueOpen Your Heart
83.7%
Hard CandyCandy Shop
83.5%
True BluePapa Don't Preach
83.3%
MDNATurn Up the Radio
82.9%
Madame XI Don't Search I Find
82%
Like a PrayerExpress Yourself
80.9%
Rebel Heart***** I'm Madonna
80.2%
American LifeAmerican Life
80%
EroticaWhere Life Begins
79.8%
Like a VirginMaterial Girl
79.4%
EroticaIn This Life
78.2%
MDNAGirl Gone Wild
76.6%
Like a VirginDress You Up
76.3%
Like a VirginOver and Over
76.2%
EroticaThief of Hearts
75.3%
EroticaDeeper and Deeper
75%
Madame XCome Alive
73.6%
Hard CandyDevil Wouldn't Recognize You
73.6%
MDNAI Don't Give A
72.5%
Ray of LightSky Fits Heaven
72.2%
MusicDon't Tell Me
72%
Bedtime StoriesDon't Stop
71.7%
Album Song % Correct
MusicImpressive Instant
70.4%
EroticaDid You Do It?
69.5%
Ray of LightMer Girl
69%
Like a PrayerCherish
67.8%
MDNASome Girls
67.2%
EroticaBad Girl
67.2%
Like a PrayerTill Death Do Us Part
67.2%
Rebel HeartHoly Water
66.8%
MusicParadise (Not for Me)
66.6%
Bedtime StoriesBedtime Story
66.4%
Rebel HeartDevil Pray
66.4%
Hard CandyHeartbeat
66.2%
Rebel HeartHeartBreakCity
66.2%
American LifeNothing Fails
65.4%
True BlueWhite Heat
65.3%
Rebel HeartHold Tight
65.2%
MadonnaHoliday
64.6%
Madame XDark Ballet
64%
True BlueLive to Tell
63.9%
MDNAFalling Free
63.9%
Like a PrayerSpanish Eyes
62.8%
MusicMusic
62.5%
True BlueTrue Blue
62.5%
Ray of LightRay of Light
62.3%
American LifeIntervention
61.5%
Hard CandyShe's Not Me
61.1%
American LifeX-Static Process
60.8%
EroticaWhy's It So Hard
59.7%
Like a PrayerAct of Contrition
59.5%
MadonnaBorderline
59.5%
Hard CandySpanish Lesson
59.3%
MDNASuperstar
59.2%
Madame XFaz Gostoso
59%
American LifeHollywood
58.6%
MadonnaPhysical Attraction
58.1%
Hard CandyDance 2Night
57.6%
MadonnaBurning Up
57.1%
Ray of LightLittle Star
57%
MadonnaThink of Me
56.8%
Bedtime StoriesHuman Nature
56%
Madame XGod Control
55.8%
MadonnaLucky Star
55.8%
Madame XMedellín
55.6%
EroticaErotica
55.4%
Ray of LightShanti/Ashtangi
54.9%
Hard Candy4 Minutes
54.4%
Rebel HeartIlluminati
54.3%
American LifeNobody Knows Me
54.3%
Madame X***** I'm Loca
54.2%
MadonnaEverybody
53.7%
Rebel HeartUnapologetic *****
53.3%
Confessions on a Dance FloorHow High
53%
Like a VirginPretender
52.9%
Album Song % Correct
True BlueLa Isla Bonita
52.7%
EroticaWaiting
52.7%
EroticaFever
51.4%
Hard CandyBeat Goes On
50.9%
Like a PrayerDear Jessie
50.8%
MusicAmazing
50.1%
MDNAI'm Addicted
49.2%
MDNAMasterpiece
49.1%
Confessions on a Dance FloorLet It Will Be
47.4%
Rebel HeartBody Shop
46.8%
MusicNobody's Perfect
46.1%
Like a VirginStay
45.9%
Ray of LightFrozen
44.9%
Hard CandyGive It 2 Me
44.8%
Like a PrayerPromise to Try
44.7%
MusicGone
44.7%
EroticaSecret Garden
44.2%
Madame XCrave
42.4%
Madame XFuture
41.5%
Like a VirginShoo-Bee-Doo
41.4%
MadonnaI Know It
40%
Madame XCrazy
39.8%
MDNAI'm a Sinner
38.3%
Bedtime StoriesTake a Bow
35.9%
Rebel HeartInside Out
35.8%
Madame XI Rise
35.2%
MDNAGang Bang
34.8%
Bedtime StoriesSecret
33.9%
Hard CandyMiles Away
33.9%
EroticaWords
33.3%
Confessions on a Dance FloorHung Up
32%
Rebel HeartIconic
31.1%
EroticaBye Bye Baby
31.1%
Like a VirginAngel
30.7%
Hard CandyIncredible
30.4%
Bedtime StoriesInside of Me
30.4%
MusicI Deserve It
29.7%
Madame XBatuka
29.6%
Rebel HeartJoan of Arc
26.1%
Bedtime StoriesSanctuary
25.8%
EroticaRain
25.2%
Rebel HeartGhosttown
23.6%
Confessions on a Dance FloorSorry
22.9%
American LifeEasy Ride
22.9%
American LifeI'm So Stupid
22.7%
True BlueJimmy Jimmy
22.1%
Ray of LightSkin
21.2%
Confessions on a Dance FloorJump
19.2%
Bedtime StoriesSurvival
18.2%
Ray of LightSwim
18%
Confessions on a Dance FloorIsaac
17.2%
Hard CandyVoices
16%
Confessions on a Dance FloorPush
14.9%
Remove Ads.
Support Sporcle.
Get the best of Sporcle when you Go Orange. This ad-free experience offers more features, more stats, and more fun while also helping to support Sporcle. Thank you for becoming a member.

You're not logged in!

Compare scores with friends on all Sporcle quizzes.
OR
Log In

Show Comments

Extras

Top Quizzes Today


Score Distribution

Your Account Isn't Verified!

In order to create a playlist on Sporcle, you need to verify the email address you used during registration. Go to your Sporcle Settings to finish the process.

Report this User

Report this user for behavior that violates our Community Guidelines.

Details: